000
00356nam a2200157Ia 4500
005
20250423101315.0
008
250422s9999 xx 000 0 und d
020
_a
978- 1- 4013- 2325- 7
050
_a
QA 76.2 .P38A3/
100
_a
Randy Pausch
245
4
_a
The last lecture
260
_b
Hyperion
260
_c
2008
300
_a
206 p
942
_c
BK
999
_c
35920
_d
35920